| 000 | 00670nam a22001697a 4500 | ||
|---|---|---|---|
| 003 | BD-DhUL | ||
| 005 | 20161031095517.0 | ||
| 008 | 161031s1998 bg ||||| |||| 00| 0 ben d | ||
| 040 |
_aBD-DhUL _cBD-DhUL _dBD-DhUL |
||
| 082 |
_a891.444 _bEMS |
||
| 100 | 1 | _aআহমদ, এমাজউদ্দীন | |
| 245 | 1 | 0 |
_aশান্তি চুক্তি ও অন্যান্য প্রবন্ধ / _cএমাজউদ্দীন আহমদ |
| 260 |
_aঢাকা : _bইনফো পাবলিকশন্স, _c১৯৯৮ |
||
| 300 |
_a১০৪ পৃ. ; _c২২ সেমি |
||
| 650 | 0 | _aবাংলা প্রবন্ধ | |
| 942 |
_2ddc _cBK |
||
| 999 |
_c117612 _d117612 |
||